<?xml version="1.0" encoding="UTF-8"?>
<record
    xmlns:xsi="http://www.w3.org/2001/XMLSchema-instance"
    xsi:schemaLocation="http://www.loc.gov/MARC21/slim http://www.loc.gov/standards/marcxml/schema/MARC21slim.xsd"
    xmlns="http://www.loc.gov/MARC21/slim">

  <leader>01781nam a2200241Ia 4500</leader>
  <datafield tag="999" ind1=" " ind2=" ">
    <subfield code="c">36412</subfield>
    <subfield code="d">36412</subfield>
  </datafield>
  <controlfield tag="001">2326</controlfield>
  <controlfield tag="003">GE_BSU</controlfield>
  <controlfield tag="005">20190530195342.0</controlfield>
  <controlfield tag="008">181216s2009||||ge |||||||||||||| ||geo||</controlfield>
  <datafield tag="040" ind1=" " ind2=" ">
    <subfield code="c">GE_BSU</subfield>
  </datafield>
  <datafield tag="041" ind1=" " ind2=" ">
    <subfield code="a">geo</subfield>
  </datafield>
  <datafield tag="080" ind1=" " ind2=" ">
    <subfield code="a">81(063) &#x10D4;-75</subfield>
  </datafield>
  <datafield tag="245" ind1=" " ind2=" ">
    <subfield code="c">&#x10E1;&#x10D0;&#x10E0;&#x10D4;&#x10D3;. &#x10D9;&#x10DD;&#x10DA;.: &#x10DA;. &#x10D0;&#x10D6;&#x10DB;&#x10D0;&#x10D8;&#x10E4;&#x10D0;&#x10E0;&#x10D0;&#x10E8;&#x10D5;&#x10D8;&#x10DA;&#x10D8; &#x10D3;&#x10D0; &#x10E1;&#x10EE;&#x10D5;.</subfield>
    <subfield code="a">"&#x10D4;&#x10E0;&#x10D2;&#x10D0;&#x10E2;&#x10D8;&#x10D5;&#x10D8; &#x10D3;&#x10D0; &#x10D4;&#x10E0;&#x10D2;&#x10D0;&#x10E2;&#x10D8;&#x10E3;&#x10DA;&#x10D8; &#x10D9;&#x10DD;&#x10DC;&#x10E1;&#x10E2;&#x10E0;&#x10E3;&#x10E5;&#x10EA;&#x10D8;&#x10D0; &#x10DB;&#x10E1;&#x10DD;&#x10E4;&#x10DA;&#x10D8;&#x10DD;&#x10E1; &#x10D4;&#x10DC;&#x10D4;&#x10D1;&#x10E8;&#x10D8;", &#x10E1;&#x10D0;&#x10D4;&#x10E0;&#x10D7;&#x10D0;&#x10E8;&#x10DD;&#x10E0;&#x10D8;&#x10E1;&#x10DD; &#x10E1;&#x10D0;&#x10D4;&#x10DC;&#x10D0;&#x10D7;&#x10DB;&#x10D4;&#x10EA;&#x10DC;&#x10D8;&#x10D4;&#x10E0;&#x10DD; &#x10D9;&#x10DD;&#x10DC;&#x10E4;&#x10D4;&#x10E0;&#x10D4;&#x10DC;&#x10EA;&#x10D8;&#x10D0; (2009, &#x10D7;&#x10D1;&#x10D8;&#x10DA;&#x10D8;&#x10E1;&#x10D8;)</subfield>
    <subfield code="b">&#x10E1;&#x10D0;&#x10D4;&#x10E0;&#x10D7;&#x10D0;&#x10E8;&#x10DD;&#x10E0;&#x10D8;&#x10E1;&#x10DD; &#x10E1;&#x10D0;&#x10D4;&#x10DC;&#x10D0;&#x10D7;&#x10DB;&#x10D4;&#x10EA;&#x10DC;&#x10D8;&#x10D4;&#x10E0;&#x10DD; &#x10D9;&#x10DD;&#x10DC;&#x10E4;&#x10D4;&#x10E0;&#x10D4;&#x10DC;&#x10EA;&#x10D8;&#x10D0; "&#x10D4;&#x10E0;&#x10D2;&#x10D0;&#x10E2;&#x10D8;&#x10D5;&#x10D8; &#x10D3;&#x10D0; &#x10D4;&#x10E0;&#x10D2;&#x10D0;&#x10E2;&#x10D8;&#x10E3;&#x10DA;&#x10D8; &#x10D9;&#x10DD;&#x10DC;&#x10E1;&#x10E2;&#x10E0;&#x10E3;&#x10E5;&#x10EA;&#x10D8;&#x10D0; &#x10DB;&#x10E1;&#x10DD;&#x10E4;&#x10DA;&#x10D8;&#x10DD;&#x10E1; &#x10D4;&#x10DC;&#x10D4;&#x10D1;&#x10E8;&#x10D8;" (&#x10D8;&#x10D1;&#x10D4;&#x10E0;&#x10D8;&#x10E3;&#x10DA;-&#x10D9;&#x10D0;&#x10D5;&#x10D9;&#x10D0;&#x10E1;&#x10D8;&#x10E3;&#x10E0;&#x10D8; &#x10D3;&#x10D0; &#x10DB;&#x10E1;&#x10DD;&#x10E4;&#x10DA;&#x10D8;&#x10DD;&#x10E1; &#x10E1;&#x10EE;&#x10D5;&#x10D0; &#x10D4;&#x10DC;&#x10D4;&#x10D1;&#x10D8;) ; &#x10DE;&#x10E0;&#x10DD;&#x10D2;&#x10E0;&#x10D0;&#x10DB;&#x10D0;. &#x10DB;&#x10D0;&#x10E1;&#x10D0;&#x10DA;&#x10D4;&#x10D1;&#x10D8;, &#x10D7;&#x10D1;. 21-23.V.2009</subfield>
  </datafield>
  <datafield tag="264" ind1=" " ind2=" ">
    <subfield code="a">&#x10D7;&#x10D1;&#x10D8;&#x10DA;&#x10D8;&#x10E1;&#x10D8;,</subfield>
    <subfield code="c">2009.</subfield>
  </datafield>
  <datafield tag="300" ind1=" " ind2=" ">
    <subfield code="a">117 &#x10D2;&#x10D5;.;</subfield>
    <subfield code="b">25 &#x10E1;&#x10DB;.</subfield>
  </datafield>
  <datafield tag="546" ind1=" " ind2=" ">
    <subfield code="a">&#x10E2;&#x10D4;&#x10E5;&#x10E1;&#x10E2;&#x10D8; &#x10E5;&#x10D0;&#x10E0;&#x10D7;., &#x10E0;&#x10E3;&#x10E1;. &#x10D3;&#x10D0; &#x10D8;&#x10DC;&#x10D2;&#x10DA;.</subfield>
  </datafield>
  <datafield tag="653" ind1=" " ind2=" ">
    <subfield code="a">&#x10D8;&#x10D1;&#x10D4;&#x10E0;&#x10D8;&#x10E3;&#x10DA;-&#x10D9;&#x10D0;&#x10D5;&#x10D9;&#x10D0;&#x10E1;&#x10D8;&#x10E3;&#x10E0;&#x10D8; &#x10D4;&#x10DC;&#x10D4;&#x10D1;&#x10D8;</subfield>
  </datafield>
  <datafield tag="653" ind1=" " ind2=" ">
    <subfield code="a"> &#x10EC;&#x10D8;&#x10DC;&#x10D0;&#x10D3;&#x10D0;&#x10D3;&#x10D4;&#x10D1;&#x10D0;&#x10D7;&#x10D0; &#x10E2;&#x10D8;&#x10DE;&#x10D4;&#x10D1;&#x10D8;; &#x10D4;&#x10E0;&#x10D2;&#x10D0;&#x10E2;&#x10D8;&#x10D5;&#x10D8;</subfield>
  </datafield>
  <datafield tag="653" ind1=" " ind2=" ">
    <subfield code="a"> &#x10DB;&#x10E1;&#x10DD;&#x10E4;&#x10DA;&#x10D8;&#x10DD;&#x10E1; &#x10EE;&#x10D0;&#x10DA;&#x10EE;&#x10D7;&#x10D0; &#x10D4;&#x10DC;&#x10D4;&#x10D1;&#x10D8;</subfield>
  </datafield>
  <datafield tag="700" ind1=" " ind2=" ">
    <subfield code="a">&#x10D0;&#x10D6;&#x10DB;&#x10D0;&#x10D8;&#x10E4;&#x10D0;&#x10E0;&#x10D0;&#x10E8;&#x10D5;&#x10D8;&#x10DA;&#x10D8;,  &#x10DA;. </subfield>
    <subfield code="e">&#x10E0;&#x10D4;&#x10D3;&#x10D0;&#x10E5;&#x10E2;&#x10DD;&#x10E0;&#x10D8;</subfield>
    <subfield code="9">1881</subfield>
  </datafield>
  <datafield tag="710" ind1=" " ind2=" ">
    <subfield code="a">&#x10D7;&#x10E1;&#x10E3;-&#x10E1; &#x10F0;&#x10E3;&#x10DB;&#x10D0;&#x10DC;&#x10D8;&#x10E2;. &#x10DB;&#x10D4;&#x10EA;&#x10DC;. &#x10E4;&#x10D0;&#x10D9;-&#x10D8;&#x10E1; &#x10D9;&#x10D0;&#x10D5;&#x10D9;&#x10D0;&#x10E1;&#x10D8;&#x10DD;&#x10DA;. &#x10D8;&#x10DC;-&#x10E2;&#x10D8;. </subfield>
    <subfield code="9">1882</subfield>
  </datafield>
  <datafield tag="942" ind1=" " ind2=" ">
    <subfield code="c">BK</subfield>
    <subfield code="2">udc</subfield>
  </datafield>
  <datafield tag="952" ind1=" " ind2=" ">
    <subfield code="0">0</subfield>
    <subfield code="1">0</subfield>
    <subfield code="2">udc</subfield>
    <subfield code="4">0</subfield>
    <subfield code="6">81063_&#x10D4;75</subfield>
    <subfield code="7">0</subfield>
    <subfield code="9">35336</subfield>
    <subfield code="a">CPL</subfield>
    <subfield code="b">CPL</subfield>
    <subfield code="c">GEN</subfield>
    <subfield code="d">2018-12-17</subfield>
    <subfield code="g">10.00</subfield>
    <subfield code="o">81(063) &#x10D4;-75</subfield>
    <subfield code="p">4481</subfield>
    <subfield code="r">2018-12-17</subfield>
    <subfield code="t">4481</subfield>
    <subfield code="w">2018-12-17</subfield>
    <subfield code="y">BK</subfield>
    <subfield code="z">10 &#x10DA;.</subfield>
  </datafield>
</record>
